[Event "AUTO-ELITE-562"]
[Site "http://www.queenalice.com/game.php?id=786350"]
[Date "2010.6.6"]
[Round "1"]
[White "micheleoneleven"]
[Black "kookaburra"]
[Result "1-0"]
[WhiteElo "2277"]
[BlackElo "2229"]

1. Nf3 d5 2. g3 c5 3. Bg2 Nc6 4. d4 e6 5. O-O Nf6 6. c4 cxd4 7. Nxd4 Be7 8. Nc3
O-O 9. Be3 dxc4 10. Bxc6 bxc6 11. Nxc6 Qc7 12. Nxe7+ Qxe7 13. Qd4 Ba6 14. Rad1
Rfd8 15. Qc5 Qe8 16. Rxd8 Qxd8 17. Rd1 Qb8 18. Rd6 Bb7 19. Bd4 Qf8 20. Bxf6 gxf6
21. Qc7 Rb8 22. Rd7 Bd5 23. Rxf7 Qxf7 24. Qxb8+ Kg7 25. e4 Bc6 26. Qb4 e5 27.
Qc5 Qb7 28. Qxc4 Be8 29. b3 Bf7 30. Nd5 f5 31. Qc3 Qb8 32. Qc6 fxe4 33. Qf6+ Kf8
34. Qe7+ Kg7 35. h4 Kg8 36. Nf6+ Kg7 37. Nxe4 a5 38. Nd6 1-0

[Event "AUTO-ELITE-581"]
[Site "http://www.queenalice.com/game.php?id=799729"]
[Date "2010.7.6"]
[Round "1"]
[White "edvz"]
[Black "micheleoneleven"]
[Result "1-0"]
[WhiteElo "2236"]
[BlackElo "2318"]

1. e4 g6 2. d4 Bg7 3. Nc3 d6 4. Be3 c6 5. Qd2 b5 6. Bd3 Nd7 7. Nf3 Qc7 8. O-O
Ngf6 9. Bh6 Bxh6 10. Qxh6 b4 11. Ne2 c5 12. c3 c4 13. Bc2 Rb8 14. Rab1 e5 15.
Ng5 Ba6 16. f4 b3 17. axb3 cxb3 18. Bd1 exd4 19. Qg7 Rg8 20. Qxf7+ Kd8 21. Ne6+
Kc8 22. Nxc7 Kxc7 23. e5 dxc3 24. bxc3 Rgf8 25. Qe7 Ne4 26. e6 Nc5 27. exd7 Nxd7
28. Nd4 Bc4 29. Bg4 Rf7 30. Ne6+ Bxe6 31. Qxe6 Rg7 32. Rfd1 Rb6 33. c4 Rc6 34.
Rxb3 h5 35. Bh3 g5 36. fxg5 1-0

[Event "AUTO-ELITE-581"]
[Site "http://www.queenalice.com/game.php?id=799730"]
[Date "2010.7.6"]
[Round "1"]
[White "micheleoneleven"]
[Black "edvz"]
[Result "1-0"]
[WhiteElo "2321"]
[BlackElo "2250"]

1. Nf3 d5 2. g3 c5 3. Bg2 Nc6 4. d4 e6 5. O-O Nf6 6. c4 dxc4 7. Ne5 Bd7 8. Na3
cxd4 9. Naxc4 Bc5 10. Qb3 O-O 11. Bg5 Rb8 12. Nxd7 Qxd7 13. Bxf6 gxf6 14. Qb5
Be7 15. Rfd1 e5 16. Ne3 a6 17. Qd3 f5 18. Nxf5 Bg5 19. h4 Bd8 20. Qe4 Qe6 21. e3
Bb6 22. Qg4+ Qg6 23. Bxc6 Qxg4 24. Nh6+ Kg7 25. Nxg4 dxe3 26. Bd5 exf2+ 27. Kf1
Bd4 28. Nxf2 b5 29. Nd3 Rfd8 30. Be4 a5 31. Ke2 b4 32. Rac1 Rd6 33. Rc7 a4 34.
Rf1 Rf8 35. Re7 b3 36. axb3 axb3 37. Nxe5 Bxb2 38. Rfxf7+ Rxf7 39. Rxf7+ Kh8 40.
Nc4 Re6 41. Kd3 Bg7 42. Rb7 Re8 43. Rxb3 Rd8+ 44. Ke2 Ra8 45. Bxa8 1-0

[Event "AUTO-ELITE-581"]
[Site "http://www.queenalice.com/game.php?id=799733"]
[Date "2010.7.6"]
[Round "1"]
[White "Morysek"]
[Black "micheleoneleven"]
[Result "0-1"]
[WhiteElo "1835"]
[BlackElo "2317"]

1. f4 Nf6 2. Nf3 g6 3. e3 Bg7 4. Nc3 d5 5. b3 O-O 6. Bb2 c5 7. Be2 Nc6 8. Bb5
Qb6 9. Bxc6 Qxc6 10. O-O Rd8 11. Ne5 Qc7 0-1

[Event "AUTO-ELITE-581"]
[Site "http://www.queenalice.com/game.php?id=799734"]
[Date "2010.7.6"]
[Round "1"]
[White "micheleoneleven"]
[Black "Morysek"]
[Result "1-0"]
[WhiteElo "2316"]
[BlackElo "1837"]

1. Nf3 d6 2. g3 g6 3. Bg2 Bg7 4. O-O Nf6 5. d4 O-O 6. c4 c5 7. Nc3 cxd4 8. Nxd4
a6 9. b3 Qc7 10. Bg5 Nc6 11. Bxf6 Bxf6 12. Nd5 1-0

[Event "AUTO-OPEN-1730"]
[Site "http://www.queenalice.com/game.php?id=827333"]
[Date "2010.9.3"]
[Round "3"]
[White "diego2907"]
[Black "micheleoneleven"]
[Result "0-1"]
[WhiteElo "1780"]
[BlackElo "2331"]

1. e4 d6 2. Bc4 Nf6 3. d3 e6 4. Bg5 Be7 5. a3 d5 6. exd5 exd5 7. Bb3 Nc6 8. h3
Nd4 9. Nd2 O-O 10. Ngf3 Nxb3 11. Nxb3 a5 12. O-O a4 13. Nbd4 c5 14. Ne2 Re8 15.
Bxf6 Bxf6 16. c3 Qd6 17. d4 c4 18. Qd2 g6 19. Rfe1 Bg7 20. Ng3 Be6 21. Ng5 Bd7
22. Rxe8+ Rxe8 23. Nf3 Re7 24. Ne2 h6 25. Re1 Bf5 26. Nh4 Bc8 27. Nf4 Rxe1+ 28.
Qxe1 Qxf4 29. Qe8+ Bf8 30. g3 Qc7 31. Kh2 Qd7 32. Qe3 Qxh3+ 33. Kg1 Bg4 34. Ng2
Bd6 35. Qe8+ Kg7 0-1

[Event "AUTO-OPEN-1730"]
[Site "http://www.queenalice.com/game.php?id=827334"]
[Date "2010.9.3"]
[Round "3"]
[White "micheleoneleven"]
[Black "diego2907"]
[Result "1-0"]
[WhiteElo "2319"]
[BlackElo "1833"]

1. Nf3 d5 2. g3 Bf5 3. Bg2 e6 4. O-O h6 5. c4 Nf6 6. Qb3 b6 7. Nc3 Bc5 8. Nh4
Bh7 9. d4 Bxd4 10. cxd5 exd5 11. Qa4+ Nfd7 12. Qxd4 O-O 13. Nf5 Bxf5 14. Qxd5 c6
15. Qxf5 Nf6 16. Bf4 Nbd7 17. Bxc6 Rc8 18. Bxd7 Nxd7 19. Rad1 Qf6 20. Qxd7 a5
21. Nd5 Qxb2 22. Ne7+ Kh8 23. Nxc8 Qxa2 24. Bd6 Rg8 25. Ne7 Ra8 26. Bb8 Rxb8 27.
Qc7 Rf8 28. Rd8 Rxd8 29. Qxd8+ Kh7 30. Qg8# 1-0

[Event "AUTO-OPEN-1730"]
[Site "http://www.queenalice.com/game.php?id=827335"]
[Date "2010.9.3"]
[Round "3"]
[White "cardosorafael"]
[Black "micheleoneleven"]
[Result "0-1"]
[WhiteElo "1888"]
[BlackElo "2320"]

1. e4 g6 2. d4 Bg7 3. Nf3 d6 4. h3 Nd7 5. Nc3 Ngf6 6. Bc4 c6 7. O-O b5 8. Bb3 b4
9. Ne2 Nxe4 10. Re1 Bb7 11. Nf4 d5 12. Be3 a5 13. a4 O-O 14. Nd2 Nd6 15. Qf3 Nf5
16. Rad1 Nxd4 17. Bxd4 Bxd4 0-1

[Event "AUTO-OPEN-1730"]
[Site "http://www.queenalice.com/game.php?id=827336"]
[Date "2010.9.3"]
[Round "3"]
[White "micheleoneleven"]
[Black "cardosorafael"]
[Result "1-0"]
[WhiteElo "2304"]
[BlackElo "1887"]

1. Nf3 Nf6 2. g3 g6 3. Bg2 Bg7 4. O-O O-O 5. c4 e6 6. d4 d5 7. Na3 Re8 8. Bf4
Nbd7 9. Nb5 e5 10. dxe5 Ng4 11. e6 Nde5 12. exf7+ Kxf7 13. Qxd5+ Be6 14. Ng5+
Kf6 15. Nxh7+ 1-0

[Event "AUTO-MASTER-1095"]
[Site "http://www.queenalice.com/game.php?id=836754"]
[Date "2010.9.23"]
[Round "2"]
[White "micheleoneleven"]
[Black "MSouza"]
[Result "1-0"]
[WhiteElo "2336"]
[BlackElo "2344"]

1. e4 e6 2. d4 d5 3. Nc3 Nf6 4. Bg5 Bb4 5. e5 h6 6. Bd2 Bxc3 7. Bxc3 Ne4 8. Bb4
c5 9. Bxc5 Nxc5 10. dxc5 Nd7 11. Qd4 Qc7 12. Nf3 Nxc5 13. Be2 O-O 14. O-O b6 15.
Rac1 Ba6 16. c4 dxc4 17. Bxc4 Rfd8 18. Qe3 Qd7 19. b4 Bxc4 20. Rxc4 Qd3 21. Qc1
Ne4 22. Rc7 a5 23. a3 axb4 24. axb4 1-0

[Event "AUTO-MASTER-1095"]
[Site "http://www.queenalice.com/game.php?id=836755"]
[Date "2010.9.23"]
[Round "2"]
[White "MSouza"]
[Black "micheleoneleven"]
[Result "0-1"]
[WhiteElo "2240"]
[BlackElo "2373"]

1. e4 c5 2. Nf3 d6 3. d4 cxd4 4. Nxd4 Nf6 5. Nc3 g6 6. Bc4 Bg7 7. Be3 O-O 8. f3
Bd7 9. O-O Qc7 10. Qe2 Rc8 11. Bb3 Na6 12. a3 Nc5 13. Ba2 a6 14. Qf2 e5 15. Nde2
Be6 16. Qh4 Ncd7 17. Rfd1 b5 18. Kh1 Nb6 19. Bg5 Qe7 20. Nc1 Nc4 21. Bxc4 Bxc4
22. N1a2 a5 23. b3 Be6 24. Rd2 b4 25. Nb5 Rc6 26. Rad1 bxa3 27. Nac3 Rac8 28.
Rd3 a2 29. Ra1 a4 30. bxa4 Ra6 31. Rd2 Rb8 0-1

[Event "AUTO-MASTER-1095"]
[Site "http://www.queenalice.com/game.php?id=836756"]
[Date "2010.9.23"]
[Round "2"]
[White "micheleoneleven"]
[Black "kookaburra"]
[Result "1-0"]
[WhiteElo "2312"]
[BlackElo "2137"]

1. c4 Nf6 2. Nc3 c5 3. g3 Nc6 4. Bg2 e6 5. Nf3 d5 6. cxd5 Nxd5 7. O-O Be7 8. d4
O-O 9. e4 Nf6 10. dxc5 Bxc5 11. Bf4 Nd4 12. Nxd4 Bxd4 13. Nb5 e5 14. Nxd4 exd4
15. Qd3 Qb6 16. Be5 Rd8 17. Rfd1 Bg4 18. f3 Bh5 19. Bxd4 Qe6 20. Qb5 Bg6 21.
Qxb7 Rdb8 22. Qc7 Rc8 23. Qa5 h6 24. e5 Rc2 25. Rac1 Rac8 26. Rxc2 Rxc2 27. Qxa7
Nd5 28. Qb7 Ne7 29. Bf1 Nc6 30. Bc3 Qe7 31. Qxe7 Nxe7 32. g4 Nc6 33. Re1 Nd8 34.
f4 1-0

[Event "AUTO-MASTER-1095"]
[Site "http://www.queenalice.com/game.php?id=836757"]
[Date "2010.9.23"]
[Round "2"]
[White "kookaburra"]
[Black "micheleoneleven"]
[Result "0-1"]
[WhiteElo "2144"]
[BlackElo "2305"]

1. e4 c5 2. Nc3 Nc6 3. Nf3 Nf6 4. d4 cxd4 5. Nxd4 e5 6. Ndb5 d6 7. Bg5 a6 8.
Bxf6 gxf6 9. Na3 b5 10. Nd5 f5 11. Bd3 Be6 12. O-O Bg7 13. c4 bxc4 14. Nxc4 O-O
15. Rc1 fxe4 16. Bxe4 Nd4 17. Nf6+ Qxf6 18. Bxa8 Rxa8 19. Nxd6 Bd5 20. Nc4 Nf3+
21. Kh1 Qf4 22. g3 Qh6 23. h4 Qe6 24. Kg2 Nxh4+ 25. Kh2 Nf3+ 26. Kg2 Ng5+ 27.
Kg1 Nh3+ 28. Kh2 Nf4 29. gxf4 Qh6+ 30. Kg3 exf4+ 31. Kg4 f5+ 32. Kxf5 Qh3+ 33.
Kg5 h6+ 34. Kg6 Bf7# 0-1

[Event "AUTO-ELITE-581"]
[Site "http://www.queenalice.com/game.php?id=843757"]
[Date "2010.10.9"]
[Round "2"]
[White "edvz"]
[Black "micheleoneleven"]
[Result "0-1"]
[WhiteElo "2258"]
[BlackElo "2364"]

1. e4 e6 2. d4 d5 3. Nc3 Bb4 4. e5 Ne7 5. a3 Bxc3+ 6. bxc3 b6 7. Qg4 Ng6 8. Bd3
Ba6 9. Bg5 Qd7 10. Bxa6 Nxa6 11. Ne2 Qa4 12. Ra2 Nxe5 13. Qg3 Ng6 14. O-O Qc4
15. Nc1 f6 16. Qh3 fxg5 17. Qxe6+ Kd8 18. Re1 c5 19. Qc6 Nc7 20. Re6 cxd4 21.
Rd6+ Kc8 22. Qd7+ Kb7 23. Nb3 Qxc3 24. Ra1 Rae8 25. h3 Rhf8 26. a4 Re1+ 27. Rxe1
Qxe1+ 28. Kh2 Rxf2 29. Qc6+ Ka6 30. Rxg6 Rf1 31. Nc5+ Ka5 32. Nb7+ Kb4 33. Qd6+
Kxa4 34. Nc5+ bxc5 0-1

[Event "AUTO-ELITE-581"]
[Site "http://www.queenalice.com/game.php?id=843758"]
[Date "2010.10.9"]
[Round "2"]
[White "micheleoneleven"]
[Black "edvz"]
[Result "1-0"]
[WhiteElo "2346"]
[BlackElo "2267"]

1. c4 e5 2. Nc3 Nf6 3. Nf3 Nc6 4. d4 exd4 5. Nxd4 Bb4 6. Bg5 h6 7. Bh4 g5 8. Bg3
O-O 9. f3 d5 10. Nxc6 bxc6 11. Bf2 Ba6 12. h4 c5 13. hxg5 d4 14. Qc2 hxg5 15.
Qf5 Re8 16. O-O-O Bxc3 17. Qxg5+ Kf8 18. bxc3 Ng8 19. Qxc5+ 1-0

[Event "AUTO-ELITE-562"]
[Site "http://www.queenalice.com/game.php?id=844667"]
[Date "2010.10.12"]
[Round "2"]
[White "Bruscato"]
[Black "micheleoneleven"]
[Result "0-1"]
[WhiteElo "2312"]
[BlackElo "2348"]

1. e4 c6 2. d4 d5 3. e5 Bf5 4. g4 Bd7 5. Bg2 e6 6. Nf3 c5 7. c3 Nc6 8. O-O Nge7
9. Be3 h5 10. g5 Nf5 11. Qd2 Nxe3 12. fxe3 h4 13. h3 Be7 14. g6 fxg6 15. Qd3 O-O
16. Qxg6 cxd4 17. cxd4 Qe8 18. Qg4 Nb4 19. Na3 Qd8 20. Rf2 Rf5 21. Bf1 Qf8 22.
Be2 Be8 23. Raf1 Bh5 24. Qg2 Qe8 25. Ne1 Rg5 0-1

[Event "AUTO-ELITE-562"]
[Site "http://www.queenalice.com/game.php?id=844668"]
[Date "2010.10.12"]
[Round "2"]
[White "micheleoneleven"]
[Black "Bruscato"]
[Result "1-0"]
[WhiteElo "2355"]
[BlackElo "2252"]

1. d4 c5 2. d5 e5 3. c4 d6 4. Nc3 Be7 5. Nf3 Nf6 6. e4 O-O 7. Bd3 Bg4 8. O-O Na6
9. a3 Nc7 10. Be2 Nd7 11. Re1 f5 12. exf5 Rxf5 13. h3 Bxf3 14. Bxf3 Bg5 15. Bg4
Bxc1 16. Bxf5 Bxb2 17. Bxh7+ Kf8 18. Qb3 Bxa1 19. Rxa1 Nf6 20. Bf5 Rb8 21. a4 a6
22. Rb1 b6 23. Bg6 Qe7 24. Re1 Qd8 25. Re3 Kg8 26. Rg3 Qf8 27. Qb1 b5 28. axb5
axb5 29. cxb5 Rb7 30. Qd3 Qe7 31. Qc4 Na8 32. Ne4 Nxe4 33. Qxe4 Rxb5 34. Qf5 Rb8
35. Qh5 1-0

[Event "AUTO-ELITE-562"]
[Site "http://www.queenalice.com/game.php?id=844669"]
[Date "2010.10.12"]
[Round "2"]
[White "edsDr23"]
[Black "micheleoneleven"]
[Result "1-0"]
[WhiteElo "2323"]
[BlackElo "2359"]

1. Nf3 Nf6 2. c4 c5 3. g3 Nc6 4. Nc3 g6 5. Bg2 d6 6. d4 cxd4 7. Nxd4 Bd7 8. O-O
Bg7 9. Nxc6 bxc6 10. Qa4 Qb6 11. Be3 Qc7 12. Bf4 Nh5 13. Bg5 Rb8 14. Rab1 h6 15.
Bd2 O-O 16. b4 Rfc8 17. Rfc1 a6 18. Ne4 f5 19. Nc3 Nf6 20. c5 d5 21. Qxa6 Ra8
22. Qd3 Ne4 23. Nxe4 fxe4 24. Qb3 Qa7 25. Bxe4 Kh7 26. Bd3 Qxa2 27. Qd1 Qa4 28.
Qe1 Qa2 29. h4 h5 30. b5 cxb5 31. Bxb5 Bxb5 32. Rxb5 Ra4 33. Bg5 Rc7 34. Qd2
Qxd2 35. Bxd2 Rc4 36. Rxc4 dxc4 37. Be3 c3 38. Rb4 Kg8 39. Kg2 Kf7 40. Kf3 Ke8
41. Ke4 Rc6 42. Bd4 Bxd4 43. Kxd4 e5+ 44. Kd5 Rf6 45. f3 Ra6 46. Rc4 Ra2 47. e4
g5 48. hxg5 Rg2 49. Ke6 Kd8 50. g4 hxg4 51. f4 Ra2 52. g6 Ra7 53. f5 Re7+ 54.
Kf6 g3 55. Rxc3 g2 56. Rg3 Re8 57. g7 Kd7 58. g8=Q Rxg8 59. Rxg8 g1=Q 60. Rxg1
1-0

[Event "AUTO-ELITE-562"]
[Site "http://www.queenalice.com/game.php?id=844670"]
[Date "2010.10.12"]
[Round "2"]
[White "micheleoneleven"]
[Black "edsDr23"]
[Result "1/2-1/2"]
[WhiteElo "2356"]
[BlackElo "2329"]

1. Nf3 d5 2. d4 c5 3. e3 Nf6 4. Nbd2 e6 5. Be2 Nc6 6. O-O Bd6 7. dxc5 Bxc5 8. a3
O-O 9. b4 Bd6 10. Bb2 a5 11. b5 Ne7 12. Bxf6 gxf6 13. c4 b6 14. cxd5 Nxd5 15.
Qb3 Bb7 16. Rfd1 Qe7 17. Nc4 Bc5 18. Ne1 Rac8 19. Nd3 f5 20. Bf3 Rfd8 21. Qb2
Qg5 22. Nxc5 Rxc5 23. Rd4 Rd7 24. Rad1 Qd8 25. Rc1 Qc7 26. Qb3 Nf6 27. Bxb7 Qxb7
28. a4 e5 29. Rd3 Rxd3 30. Qxd3 Qc7 31. f3 Ne8 32. Rc2 Nd6 33. Na3 Rxc2 34. Nxc2
Qc5 35. h3 Kg7 36. Qa3 Nb7 37. Qd3 Kf6 38. f4 exf4 39. Kh1 Nd6 40. exf4 Ne4 41.
Kh2 Qf2 42. Qd8+ Kg7 43. Nd4 Qxf4+ 44. Kg1 Nc5 45. Kh1 h6 46. Ne2 Qxa4 47. Qxb6
Qd1+ 48. Ng1 Ne4 49. Qxa5 Nf2+ 50. Kh2 Qd6+ 51. g3 Ne4 52. Ne2 Qc5 53. Qa1+ Kg8
54. Qd4 Qxb5 55. Qe3 Ng5 56. h4 Ne4 57. Nf4 Qb2+ 58. Qe2 Qa3 1/2-1/2

[Event "AUTO-ELITE-532"]
[Site "http://www.queenalice.com/game.php?id=861924"]
[Date "2010.11.21"]
[Round "2"]
[White "micheleoneleven"]
[Black "pumamercedino"]
[Result "1-0"]
[WhiteElo "2392"]
[BlackElo "2336"]

1. d4 Nf6 2. c4 e6 3. Nf3 d5 4. Nc3 Bb4 5. cxd5 exd5 6. Bg5 h6 7. Bxf6 Qxf6 8.
Qb3 Nc6 9. e3 O-O 10. Be2 Bxc3+ 11. Qxc3 Qg6 12. O-O Bh3 13. Ne1 Rad8 14. b4 a6
15. a4 Ra8 16. Bf3 Bg4 17. Bxg4 Qxg4 18. Nd3 Rfc8 19. Nc5 Nd8 20. Qb3 Qf5 21.
Rfc1 Rab8 22. b5 Ne6 23. Rab1 axb5 24. axb5 b6 25. Nxe6 Qxe6 26. Rc6 Qd7 27.
Rbc1 Rb7 28. Ra1 Rd8 29. Qa4 g6 30. Qa6 Rdb8 31. Rac1 Kg7 32. R6c2 h5 33. Rc3 h4
34. h3 Kg8 35. Rc6 Kg7 36. Qa2 1-0

[Event "AUTO-ELITE-532"]
[Site "http://www.queenalice.com/game.php?id=861925"]
[Date "2010.11.21"]
[Round "2"]
[White "pumamercedino"]
[Black "micheleoneleven"]
[Result "0-1"]
[WhiteElo "2350"]
[BlackElo "2381"]

1. d4 Nf6 2. c4 e6 3. Nc3 d5 4. cxd5 exd5 5. Bg5 Be7 6. Qc2 O-O 7. e3 Nc6 8. a3
h6 9. Bh4 Ne4 10. Bxe7 Nxe7 11. Nxe4 dxe4 12. Qxe4 c6 13. Ne2 Bf5 14. Qe5 Bh7
15. Ng3 Re8 16. Qc5 b6 17. Qc4 c5 18. Rd1 cxd4 19. Rxd4 Qc8 20. Be2 Qxc4 21.
Rxc4 Nf5 22. Nxf5 Bxf5 23. Rc7 Rac8 24. Rc3 Rxc3 25. bxc3 Rd8 26. g4 Be6 27. Rg1
Rd5 28. Bc4 Ra5 29. Bxe6 fxe6 30. Kd2 Rxa3 31. Kd3 Kf7 32. Rg3 b5 0-1